| 000 | 00397nam a2200145Ia 4500 | ||
|---|---|---|---|
| 008 | 231217s9999 xx 000 0 und d | ||
| 041 | _aEnglish | ||
| 082 | _a025.197092 HER;1 R | ||
| 100 | _aHernon, Peter Powell, Ronald R Young, Arthur | ||
| 245 | 0 | _aNext library leadership | |
| 260 |
_c2003 _blibraries _aWestport |
||
| 300 | _axiv+192 | ||
| 650 | _aNext,library,leadership | ||
| 942 | _cAA | ||
| 999 |
_c175418 _d175418 |
||